| 000 | 00478nam a22001817a 4500 | ||
|---|---|---|---|
| 003 | MPLRDC | ||
| 005 | 20220104114111.0 | ||
| 008 | 210129b ||||| |||| 00| 0 eng d | ||
| 020 | _a7-80023-514-0 | ||
| 082 | _a782.886 DXP-2 v.2 | ||
| 100 | _a吕星斗 主编 | ||
| 245 |
_a邓小平和他的事业: 研究选萃. 下 _c |
||
| 250 | _a一版一刷 | ||
| 260 |
_a _b中共党史出版社 _c1993 |
||
| 300 | _b平 | ||
| 650 | _a邓小平传记 | ||
| 942 |
_cBK _o782.886 DXP-2 v.2 |
||
| 999 |
_c4814 _d4804 |
||